000 00617nam a2200145Ia 4500
008 151213s9999 xx 000 0 und d
100 _aআ.ফ.ম.উবায়দুর রহতমান।
245 _aশপেনহায়ার এক দু:বাদীর দু:স্বপ্ন।
_cআ.ফ.ম.উবায়দুর রহতমান।
260 _aঢাকা
_bপায়রা প্রকাশনী।১৯৭৮
300 _a8770 p.
650 _aBangla
650 _aউপন্যাস
700 _aআ.ফ.ম.উবায়দুর রহতমান।
999 _c4555
_d4555